AEW and WWE wrestlers - Statistics

General Stats
  • This quiz has been taken 282 times
  • The average score is 18 of 24
Answer Stats
Picture Answer % Correct
MJF
97%
Randy Orton
97%
Cm Punk
90%
Aj styles
89%
Cody Rhodes
89%
Jeff Hardy
88%
Rey Mysterio
87%
Chris Jericho
86%
Aj Lee
85%
Bianca Belair
85%
Kenny Omega
85%
Alexa Bliss
84%
Rhea Ripley
83%
Orange Cassidy
81%
The Fiend
80%
Riddle
76%
Beth Phoenix
71%
Brandi Rhodes
71%
Britt Baker
69%
Mandy Rose
67%
Thunder Rosa
58%
Nyla Rose
49%
Kris Statlander
40%
Big Swole
29%
No matching quizzes found
Score Distribution
Percent of People with Each Score
Percentile by Number Answered
Your Score History
You have not taken this quiz